000 02775nam0a2200385 4500
001 RU\NLR\BIBL_A\012763331
005 20220527134925.0
010 _a978-5-9527-0434-3
_950
021 _aRU
_bКН-П-21-095761
_9КН-П-21-7655
035 _a(NLR Aleph) 012763331
035 _a(RuMoRGB)010947840
090 _a13069419
_c13069419
100 _a20220415d2021 k y0rusy50 ca
101 0 _arus
102 _aRU
105 _a c||z|||110zy
181 0 _ai3
_baxxe
182 0 _an
200 1 _aАктуальные вопросы медицинской науки
_eсборник тезисов 75-ой Всероссийской научно-практической конференции студентов и молодых ученых с международным участием "Актуальные вопросы медицинской науки", посвященной 120-летию санитарно-эпидемиологической службы города Ярославля, г. Ярославль, 2021 год [6.12.2021-10.12.2021]
_fФедеральное государственное бюджетное образовательное учреждение высшего образования "Ярославский государственный медицинский университет" Министерства здравоохранения Российской Федерации
203 _aТекст
_bвизуальный
_cнепосредственный
210 _aЯрославль
_cАверс Плюс
_d2021
215 _a263 с.
_cил., табл., цв. портр.
_d30
320 _aБиблиогр. в конце ст.
606 1 _aСанитарно-эпидемиологическая служба
_jСъезды, совещания и т.п
_xИстория
_yЯрославская область
_92545516
_3RU\NLR\AUTH\661506660
606 1 _aМедицина
_jСъезды, совещания и т.п
_9892737
_3RU\NLR\AUTH\662895
675 _a61(082)
_v4
686 1 _aР.я431(2)01
686 1 _aР11(2)1г.я431
711 1 2 _a"Актуальные вопросы медицинской науки", всероссийская научно-практическая конференция студентов и молодых ученых с международным участием
_d75
_eЯрославль
_f2021
_9794147
_3RU\NLR\AUTH\880563516
712 0 2 _4570
_aЯрославский государственный медицинский университет
_9466960
_3RU\NLR\AUTH\880400004
942 _cBOOK
980 _aNB